|
|
|
|
| LEADER |
00000nam0a2200000 4500 |
| 001 |
245645 |
| 005 |
20231101232137.0 |
| 010 |
|
|
|a 9785160092720
|
| 035 |
|
|
|a (RuTPU)RU\TPU\book\267064
|
| 090 |
|
|
|a 245645
|
| 100 |
|
|
|a 20131114d2014 m y0rusy50 ca
|
| 101 |
0 |
|
|a rus
|
| 102 |
|
|
|a RU
|
| 105 |
|
|
|a a j 001zy
|
| 200 |
1 |
|
|a Технология машиностроения
|e сборник задач и упражнений
|e учебное пособие
|f под ред. В. И. Аверченкова ; Е. А. Польского
|
| 205 |
|
|
|a 3-е изд., испр. и доп.
|
| 210 |
|
|
|a Москва
|c Инфра-М
|d 2014
|
| 215 |
|
|
|a 304 с.
|c ил.
|
| 225 |
1 |
|
|a Высшее образование. Бакалавриат
|
| 320 |
|
|
|a Библиогр.: с. 303-304.
|
| 330 |
|
|
|a Содержит все основные этапы технологического проектирования в машиностроительном производстве, связанные с механической обработкой и сборкой изделий. Приведенные методические указания и примеры решения всего комплекса технологических задач позволяют использовать учебное пособие при выполнении практических работ, курсовых и дипломных проектов. Предназначено для студентов, обучающихся по направлениям 151900 «Конструкторско-технологическое обеспечение машиностроительных производств» (квалификация «бакалавр») и 151701 «Проектирование технологических машин и комплексов» (квалификация «специалист»).
|
| 606 |
1 |
|
|a Технология машиностроения
|2 stltpush
|3 (RuTPU)RU\TPU\subj\60151
|9 77640
|
| 610 |
1 |
|
|a технологические процессы
|
| 610 |
1 |
|
|a проектирование
|
| 610 |
1 |
|
|a сборка
|
| 610 |
1 |
|
|a детали машин
|
| 610 |
1 |
|
|a машины
|
| 610 |
1 |
|
|a изготовление
|
| 610 |
1 |
|
|a разработка
|
| 610 |
1 |
|
|a исходные данные
|
| 610 |
1 |
|
|a заготовки
|
| 610 |
1 |
|
|a приспособления
|
| 610 |
1 |
|
|a установка
|
| 610 |
1 |
|
|a погрешности
|
| 610 |
1 |
|
|a расчет
|
| 610 |
1 |
|
|a маршрутные технологические процессы
|
| 610 |
1 |
|
|a технологические операции
|
| 610 |
1 |
|
|a изделия
|
| 610 |
1 |
|
|a качество
|
| 610 |
1 |
|
|a технологическое обеспечение
|
| 610 |
1 |
|
|a задачи
|
| 610 |
1 |
|
|a упражнения
|
| 610 |
1 |
|
|a типовые решения
|
| 610 |
1 |
|
|a методические указания
|
| 610 |
1 |
|
|a учебные пособия
|
| 610 |
1 |
|
|a машиностроение
|
| 610 |
1 |
|
|a технология
|
| 675 |
|
|
|a 621.002(076)
|v 3
|
| 702 |
|
1 |
|a Аверченков
|b В. И.
|4 340
|
| 702 |
|
1 |
|a Польский
|b Е. А.
|4 340
|
| 801 |
|
1 |
|a RU
|b 63413507
|c 20131114
|
| 801 |
|
2 |
|a RU
|b 63413507
|c 20150601
|g RCR
|
| 900 |
|
|
|a Технология машиностроения
|
| 942 |
|
|
|c BK
|
| 952 |
|
|
|b 151900
|b 151701
|
| 955 |
|
|
|l 8
|
| 959 |
|
|
|a 147/20131114
|d 30
|e 469,90
|f ЧЗТЛ:1
|f АНЛ:1
|f УФ:28
|